000 01292nam0a2200349 4500
001 RU\NLR\BIBL_A\011324847
005 20250626043407.0
010 _a978-5-9710-4157-3
021 _aRU
_b2017-2702
_9192
035 _a(NLR Aleph) 011324847
090 _a11101049
_c11101049
100 _a20170213d2017 |||y0rusy50 ca
101 0 _arus
102 _aRU
105 _aa z 000zy
200 1 _aПамять формы
_fВ.Н. Хачин
205 _aИзд. 2-е
210 _aМосква
_cURSS
_cЛЕНАНД
_d2017
215 _a63, [2] с.
_cил.
_d22
225 1 _aНауку - всем! Шедевры научно-популярной литературы (физика)
_v№ 127
300 _aНа 4-й с. обл. авт.: В.Н. Хачин, д.ф.-м.н., проф.
313 _aПред. изд. 1984 г.
320 _aБиблиогр. в конце кн.
606 1 _aСплавы
_xПамять формы
_91747020
_3RU\NLR\AUTH\661078034
606 1 _aМеталлы
_xСтруктура
_xВлияние напряжений
_91655579
_3RU\NLR\AUTH\66733055
686 1 _aК204.34
686 1 _aК206.2
700 1 _aХачин
_bВ. Н.
_gВладимир Николаевич
942 _cBOOK
980 _aNB